Political disaffection in comtemporary democracies: social capital, institutions, and politics /
Sábháilte in:
| Príomhchruthaitheoir: | |
|---|---|
| Rannpháirtithe: | , |
| Formáid: | Téacs |
| Teanga: | Spanish |
| Foilsithe / Cruthaithe: |
New York:
Routledge
|
| Ábhair: | |
| Clibeanna: |
Cuir clib leis
Níl clibeanna ann, Bí ar an gcéad duine le clib a chur leis an taifead seo!
|
MARC
| LEADER | 00000 a a2200000 04500 | ||
|---|---|---|---|
| 001 | 36038 | ||
| 003 | cru IIS | ||
| 005 | 20230629133136.0 | ||
| 008 | 230629b |||||||| |||| 00| 0 spa d | ||
| 020 | |a 0-415-34066-7 | ||
| 040 | |c CRAI/IIS | ||
| 090 | |a 0002 T67c | ||
| 100 | |a Norris, Pippa |9 11481 | ||
| 245 | |a Political disaffection in comtemporary democracies: social capital, institutions, and politics / |c Pippa Norrisw, Stefaan Walgrave y Peter Van Aelst | ||
| 260 | |a New York: |b Routledge | ||
| 300 | |a 279-307 p. | ||
| 650 | |a PARLAMENTO | ||
| 650 | |a DEMOCRACIA | ||
| 650 | |a POLITICA | ||
| 700 | |a Walgrave, Stefaan |9 11482 | ||
| 700 | |a Aelst, Peter Van |9 11483 | ||
| 773 | 0 | |0 299 |9 1263 |a Torcal, Mariano |d New York: Routledge |o 03241 |t Political disaffection in comtemporary democracies: social capital, institutions, and politics / |w (cru CIDCACS/IIS)36037 |z 0415340667 | |
| 942 | |2 ddc |c LI | ||
| 999 | |c 13036 |d 13036 | ||



